Behavioral science; (Record no. 119568)

MARC details
000 -LEADER
fixed length control field 00668nam a2200241 4500
008 - FIXED-LENGTH DATA ELEMENTS--GENERAL INFORMATION
fixed length control field
020 ## - INTERNATIONAL STANDARD BOOK NUMBER
International Standard Book Number 031636442 (pbk.)
049 ## - LOCAL HOLDINGS (OCLC)
Holding library MAIN
090 ## - LOCALLY ASSIGNED LC-TYPE CALL NUMBER (OCLC); LOCAL CALL NUMBER (RLIN)
Classification number (OCLC) (R) ; Classification number, CALL (RLIN) (NR) BF121.58
Local cutter number (OCLC) ; Book number/undivided call number, CALL (RLIN) BEH
003 - CONTROL NUMBER IDENTIFIER
control field
005 - DATE AND TIME OF LATEST TRANSACTION
control field 20250303152057.0
040 ## - CATALOGING SOURCE
Transcribing agency NUST
100 1# - MAIN ENTRY--PERSONAL NAME
Personal name Hine, Frederick R.
245 10 - TITLE STATEMENT
Title Behavioral science;
Remainder of title a selective view
260 ## - PUBLICATION, DISTRIBUTION, ETC.
Place of publication, distribution, etc. Boston,
Name of publisher, distributor, etc. Little, Brown
Date of publication, distribution, etc. 1972
300 ## - PHYSICAL DESCRIPTION
Extent xiv, 319 p.
Other physical details ill.
Dimensions 24 cm.
500 ## - GENERAL NOTE
General note Includes index.
504 ## - BIBLIOGRAPHY, ETC. NOTE
Bibliography, etc. note Includes bibliographical references.
650 #0 - SUBJECT ADDED ENTRY--TOPICAL TERM
Topical term or geographic name entry element Psychology.
700 1# - ADDED ENTRY--PERSONAL NAME
Personal name Pfeiffer, Eric.
907 ## - LOCAL DATA ELEMENT G, LDG (RLIN)
a .b10394497
b 05-11-18
c 31-10-18
942 ## - ADDED ENTRY ELEMENTS (KOHA)
Koha item type Ordinary Loan Books
Call number prefix BF121.58
Call number suffix BEH
Koha issues (borrowed), all copies 1
Holdings
Date last seen Total Checkouts Full call number Barcode Date last checked out Cost, replacement price Price effective from Koha item type Lost status Source of classification or shelving scheme Damaged status Not for loan Collection Withdrawn status Home library Current library Shelving location Date acquired Cost, normal purchase price
03/25/2025 2 BF121.58 HIN 92004045485 03/03/2025 80.00 01/20/2023 BOOKS   LCC     NFIC   Medical GSB GEN 01/20/2023 80.00